000
00315nam a2200133Ia 4500
005
20251222155208.0
008
251222s9999||||xx |||||||||||||| ||spa||
082
_a
ESC. 20.6/Ej.2
100
_a
OPS / OMS (*).
245
0
_a
Tratamiento de Diarrea
250
_a
2da. ed.
264
_b
OPS/OMS
942
_c
LIB
999
_c
40195
_d
40195